Central Library OPAC University of Rajshahi

Essays and discourses / (Record no. 16427)

MARC details
000 -LEADER
fixed length control field 01158cam a2200325Ki 4500
001 - CONTROL NUMBER
control field 16427
003 - CONTROL NUMBER IDENTIFIER
rucl marc code BD-RjUL
005 - DATE AND TIME OF LATEST TRANSACTION
control field 20211209000016.0
008 - FIXED-LENGTH DATA ELEMENTS--GENERAL INFORMATION
fixed length control field 140213s1918 ii o 000 0 eng d
035 ## - SYSTEM CONTROL NUMBER
System control number (OCoLC)ocn647065731
System control number (OCoLC)647065731
-- (BD-RjUL)16482
040 ## - CATALOGING SOURCE
Original cataloging agency OCLCE
Language of cataloging eng
Transcribing agency OCLCE
Modifying agency BD-RjUL
041 ## - LANGUAGE CODE
Language code of text/sound track or separate title eng
082 ## - DEWEY DECIMAL CLASSIFICATION NUMBER
Classification number 500.954
Author mark and year RAE 1918
100 1# - MAIN ENTRY--PERSONAL NAME
Personal name Ray, Prafulla Chandra,
Dates associated with a name 1861-1944.
9 (RLIN) 50782
245 10 - TITLE STATEMENT
Title Essays and discourses /
Statement of responsibility, etc. by Dr. Prafulla Chandra Ray. With a biographical sketch and a portrait.
250 ## - EDITION STATEMENT
Edition statement 1st ed.
260 ## - PUBLICATION, DISTRIBUTION, ETC. (IMPRINT)
Place of publication, distribution, etc. Madras :
Name of publisher, distributor, etc. G.A. Natesan & Co.,
Date of publication, distribution, etc. [1918]
300 ## - PHYSICAL DESCRIPTION
Pagination xxxii, 349 p. :
Illustrations ill. ;
Size 19 cm.
504 ## - BIBLIOGRAPHY, ETC. NOTE
Bibliography, etc Review of books: p. [319]-349.
505 0# - FORMATTED CONTENTS NOTE
Formatted contents note Includes a biographical sketch of the author.
506 ## - RESTRICTIONS ON ACCESS NOTE
Materials specified Use copy
Standardized terminology for access restriction Restrictions unspecified
Source of term star
Institution to which field applies MiAaHDL
650 #0 - SUBJECT ADDED ENTRY--TOPICAL TERM
Topical term or geographic name as entry element Science
Geographic subdivision India.
9 (RLIN) 50783
Topical term or geographic name as entry element Education
Geographic subdivision India.
9 (RLIN) 50784
651 #0 - SUBJECT ADDED ENTRY--GEOGRAPHIC NAME
Geographic name India
General subdivision Social conditions.
9 (RLIN) 50785
776 1# - ADDITIONAL PHYSICAL FORM ENTRY
Qualifying information Original
Record control number (OCoLC)2435998
856 40 - ELECTRONIC LOCATION AND ACCESS
Materials specified HathiTrust Digital Library
Uniform Resource Identifier <a href="http://catalog.hathitrust.org/api/volumes/oclc/2435998.html">http://catalog.hathitrust.org/api/volumes/oclc/2435998.html</a>
942 ## - ADDED ENTRY ELEMENTS (KOHA)
Source of classification or shelving scheme Dewey Decimal Classification
Koha item type Rare Books
Holdings
Lost status Source of classification or shelving scheme Damaged status Not for loan Permanent Location Current Location Shelving location Date acquired Source of acquisition Cost, normal purchase price Total Checkouts Full call number Date last seen Copy number Koha item type
  Dewey Decimal Classification   Not For Loan Central Library, University of Rajshahi Central Library, University of Rajshahi Rare Book Section 23/10/1963 Pak. Law House 20.00   RA 500.954 RAE 1918 13/02/2014 C-1 Rare Books